Statistics for Countries Farthest from Each Other

Click here to take the quiz!

General Stats

  • This quiz has been taken 165 times
  • The average score is 6 of 15

Answer Stats

HintAnswer% Correct
North KoreaArgentina
69%
North KoreaUruguay
65%
North KoreaParaguay
56%
United StatesMadagascar
53%
United StatesMauritius
47%
PanamaMalaysia
46%
United StatesSeychelles
45%
PanamaBrunei
41%
PanamaSingapore
41%
AustraliaSaint Kitts and Nevis
25%
AustraliaAntigua and Barbuda
24%
AustraliaDominica
17%
NauruSierra Leone
16%
NauruLiberia
15%
NauruGuinea-Bissau
11%

Score Distribution

Percentile by Number Answered

Percent of People with Each Score

Your Score History

You have not taken this quiz